Plant membranes : structure, function, biogenesis : proceedings of the ARCO Plant Cell Research Institute-UCLA symposium held at Park City, Utah, February 8-13, 1987 /

Bibliographic Details
Corporate Authors: ARCO Plant Cell Research Institute, University of California, Los Angeles, ARCO Plant Cell Research Institute-UCLA Symposium on Plant Membranes
Other Authors: Leaver, C. J., Sze, Heven
Format: Conference Proceeding Book
Language:English
Published: New York : A.R. Liss, [1987]
Series:UCLA symposia on molecular and cellular biology ; new. ser., v. 63.
Subjects:

MARC

Tag First Indicator Second Indicator Subfields
LEADER 00000cam a2200000 a 4500
001 in00000025686
005 20151007054434.0
008 870807s1987 nyua b 10100 eng
010 |a  87021517  
020 |a 0845126628 
035 |a (OCoLC)16525469 
035 |9 AAB5059AM 
040 |a DLC  |c DLC  |d OCL  |d TXA  |d UtOrBLW 
049 |a TXAM  |c [A11086600] 
050 0 0 |a QK725  |b .P565 1987 
082 0 |a 581.87/5  |2 19 
245 0 0 |a Plant membranes :  |b structure, function, biogenesis : proceedings of the ARCO Plant Cell Research Institute-UCLA symposium held at Park City, Utah, February 8-13, 1987 /  |c editors, Christopher Leaver, Heven Sze. 
264 1 |a New York :  |b A.R. Liss,  |c [1987] 
264 4 |c ©1987 
300 |a xvii, 461 pages :  |b illustrations ;  |c 24 cm. 
336 |a text  |b txt  |2 rdacontent 
337 |a unmediated  |b n  |2 rdamedia 
338 |a volume  |b nc  |2 rdacarrier 
490 1 |a UCLA symposia on molecular and cellular biology ;  |v new. ser., v. 63 
500 |a "Proceedings of the ARCO Plant Cell Research Institute--UCLA Symposium on Plant Membranes: Structure, Function, Biogenesis."--Pref. 
504 |a Includes bibliographies and index. 
650 0 |a Plant membranes  |x Congresses. 
700 1 |a Leaver, C. J. 
700 1 |a Sze, Heven. 
710 2 |a ARCO Plant Cell Research Institute. 
710 2 |a University of California, Los Angeles. 
711 2 |a ARCO Plant Cell Research Institute-UCLA Symposium on Plant Membranes  |d (1987 :  |c Park City, Utah) 
830 0 |a UCLA symposia on molecular and cellular biology ;  |v new. ser., v. 63. 
999 |a MARS 
999 f f |s d56b0c38-62d1-39f1-a9a9-d80f8638c204  |i e20d1d4a-c180-3986-9af4-fc0e1f7a280a  |t 0 
952 f f |p ric  |a Texas A&M University  |b Rellis Campus  |c Joint Library Facility  |d Remote Storage  |t 0  |e QK725 .P565 1987  |h Library of Congress classification  |i unmediated -- volume  |m A14811086600 
998 f f |a QK725 .P565 1987  |t 0  |l Remote Storage